Installation services for all groups. (Record no. 8732)

000 -LEADER
fixed length control field 00568nam a2200181 a 4500
001 - CONTROL NUMBER
control field :::00006510$&:&@@
003 - CONTROL NUMBER IDENTIFIER
control field OkBaRHE
005 - DATE AND TIME OF LATEST TRANSACTION
control field 20100331135416.0
008 - FIXED-LENGTH DATA ELEMENTS--GENERAL INFORMATION
fixed length control field s1984 j 000 0 eng u
040 ## - CATALOGING SOURCE
Transcribing agency
100 1# - MAIN ENTRY--PERSONAL NAME
Personal name Bolding, Amy.
245 10 - TITLE STATEMENT
Title Installation services for all groups.
260 ## - PUBLICATION, DISTRIBUTION, ETC. (IMPRINT)
Place of publication, distribution, etc Grand Rapids, MI., :
Name of publisher, distributor, etc Baker Book House
Date of publication, distribution, etc 1984
300 ## - PHYSICAL DESCRIPTION
Extent 126 p. ;
Dimensions 21 cm.
650 ## - SUBJECT ADDED ENTRY--TOPICAL TERM
Topical term or geographic name as entry element Installation service (Church officers)
942 ## - ADDED ENTRY ELEMENTS (KOHA)
Source of classification or shelving scheme
Koha item type Books
Copies
Permanent Location Date last seen Date acquired Lost status Price effective from Not for loan Full call number Damaged status Withdrawn status Koha item type Shelving location Source of classification or shelving scheme Barcode Copy number
RHEMA Bible Training College2010-04-142010-04-14 2010-04-14 BV 199 .I5 B6  BooksGeneral Stacks 65101